书目信息 |
| 题名: |
坛庙
|
|
| 作者: | 韩扬 主编 ;北京市古代建筑研究所 编 | |
| 分册: | ||
| 出版信息: | 北京 北京美术摄影出版社 2014 |
|
| 页数: | 172页 | |
| 开本: | 25cm | |
| 丛书名: | 北京古建文化丛书 | |
| 单 册: | ||
| 中图分类: | TU , TU , TU-8 | |
| 科图分类: | ||
| 主题词: | 祭祀--古建筑--建筑艺术--北京 , 祠堂--古建筑--建筑艺术--北京 , 建筑艺术 | |
| 电子资源: | ||
| ISBN: | 978-7-80501-684-9 | |
| 000 | 01064oam2 2200325 450 | |
| 001 | 012015000059 | |
| 005 | 20151130143734.31 | |
| 010 | @a978-7-80501-684-9@dCNY78.00 | |
| 100 | @a20141124d2014 em y0chiy50 ea | |
| 101 | 0 | @achi |
| 102 | @aCN@b110000 | |
| 105 | @aab z 000yy | |
| 106 | @ar | |
| 200 | 1 | @a坛庙@Atan miao@f北京市古代建筑研究所编 |
| 210 | @a北京@c北京美术摄影出版社@d2014 | |
| 215 | @a172页@c图,地图@d25cm | |
| 225 | 2 | @a北京古建文化丛书 |
| 314 | @a主编取自编委会名单 | |
| 330 | @a本书收录了北京现存的明代到民国时期具有代表性和典型性的十几座建筑实例。书中展示、解读北京坛庙的建筑艺术特色和取得的成就,记录了北京的古代坛庙建筑群。 | |
| 410 | 0 | @12001 @a北京古建文化丛书 |
| 606 | 0 | @a祭祀@x古建筑@x建筑艺术@y北京 |
| 606 | 0 | @a祠堂@x古建筑@x建筑艺术@y北京 |
| 606 | 0 | @a建筑艺术 |
| 690 | @aTU@v5 | |
| 690 | @aTU@v5 | |
| 690 | @aTU-8@v4 | |
| 701 | 0 | @a韩扬@Ahan yang@4主编 |
| 712 | 02 | @a北京市古代建筑研究所@Abei jing shi gu dai jian zhu yan jiu suo@4编 |
| 801 | 0 | @aCN@b碧洲教育@c20151127 |
| 905 | @a10447@f3@dTU-8@e114 | |
| 坛庙/北京市古代建筑研究所编.-北京:北京美术摄影出版社,2014 |
| 172页:图,地图;25cm.-(北京古建文化丛书) |
| ISBN 978-7-80501-684-9:CNY78.00 |
| 本书收录了北京现存的明代到民国时期具有代表性和典型性的十几座建筑实例。书中展示、解读北京坛庙的建筑艺术特色和取得的成就,记录了北京的古代坛庙建筑群。 |
| ● |
| 相关链接 |
|
|
|
|
正题名:坛庙
索取号:TU-8/114
 
预约/预借
| 序号 | 登录号 | 条形码 | 馆藏地/架位号 | 状态 | 备注 |
| 1 | 0871418 | 208714186 | 第二样本阅览室/ [索取号:TU-8/114] | 在馆 | |
| 2 | 0871419 | 208714195 | 第三借阅区/ [索取号:TU-8/114] | 在馆 | |
| 3 | 0871420 | 208714202 | 第三借阅区/ [索取号:TU-8/114] | 在馆 |